| 000 | 01058nam a2200253 a 4500 | ||
|---|---|---|---|
| 001 | 76528 | ||
| 003 | BD-RjUL | ||
| 005 | 20211209082845.0 | ||
| 008 | 191217s2017 bg 000 1 ben | ||
| 035 | _a(BD-RjUL) | ||
| 040 |
_aBD-RjUL _cBD-RjUL _beng |
||
| 041 | _aben | ||
| 082 |
_223 _a891.443 _bWAK 2017 |
||
| 100 | 1 |
_aওয়ালীউল্লাহ, সৈয়দ _9120428 |
|
| 245 | 1 | 0 |
_aকাঁদো নদী কাঁদো / _cসৈয়দ ওয়ালীউল্লাহ ; ভূমিকা মোহাম্মদ আখতার হোসেন |
| 250 | _aচিরকাল প্রথম প্রকাশ /২০১৭ | ||
| 260 |
_aঢাকা : _bচিরকাল প্রকাশন, _c২০১৭ |
||
| 300 |
_a১৯১ পৃ. ; _c২২ সেমি. |
||
| 600 |
_aWaliullah, Syed _c1922-1971 _998354 |
||
| 650 |
_aবাংলা উপন্যাস _9120429 |
||
| 650 |
_aBengali fiction _9120430 |
||
| 700 |
_aহোসেন, মোহাম্মদ আখতার _9236553 |
||
| 942 |
_2ddc _cBK |
||
| 999 |
_c76528 _d76528 |
||